000 00742nam a2200241Ia 4500
003 OSt
005 20220925191107.0
006 a|||||r|||| 00| 0
007 ta
008 220923b |||||||| |||| 00| 0 eng d
037 _cGeneral Book
040 _aRTL
_cRTL
_beng
041 _2eng
_aeng
082 _aX9(J):542.2.N8, M6
110 _aBombay Chamber of Commerce and Industry
245 0 _aExport prospects
_b Careals, fruits and vegetables
260 _aBombay
_bBombay Chamber of Commerce and Industry India
_c1986
300 _a232p.
_ccm.
650 _aAgriculture Industry
700 _aBombay Chamber of Commerce and Industry
942 _hX9(J):542.2.N8, M6
_cGB
_2CC
999 _c517206
_d517206